000 00221nam a22000857a 4500
008 160916b xxu||||| |||| 00| 0 eng d
100 _9572
_aVerma.R.
245 _aScience-CCE-9
260 _aNew Delhi
_bS. Chand Publications
_c2012
999 _c3229
_d3229